The French Revolution - Statistics

General Stats
  • This quiz has been taken 2,139 times
    1,110 since last reset
  • The average score is 8 of 15
Answer Stats
Hint Answer % Correct
French execution method Guillotine
94%
Military leader born in Corsica Napoleon Bonaparte
91%
Period of mass executions The Great Terror/Reign of Terror
85%
What Marie Antoinette allegedly told the people they could eat instead of bread Cake
79%
Battle of 1815 causing Napoleon's downfall Battle of Waterloo
78%
The year of Louis XVI's execution 1793
75%
Who shot himself in the face the day before his execution Maximilien Robespierre
75%
The island Napoleon was first exiled to in 1815 Elba
57%
The famous symbol on the Bourbon flag Fleurs-de-lis
36%
Successor to Louis XVIII Charles X
33%
First leader of the Committee of Public Safety Georges Danton
31%
Napoleon's system of trade designed to weaken Britain Continental System
26%
The year of Charles X's victory against the Barbary Pirates in Algiers 1830
18%
The name of Charles X's son who was assassinated in 1820 Duc de Berri
3%
Described as the 'most unpopular minister' during the Bourbon restoration Jean-Baptiste de Villéle
2%
No matching quizzes found
Score Distribution
Percent of People with Each Score
Percentile by Number Answered
Your Score History
You have not taken this quiz since the last reset